Spýtali sme sa prieskumných a poradenských agentúr
Reklamné a poradenské agentúry na Slovensku, ich činnosť, vznik, počet zamestnancov, obrat, medzinárodná sieť, anketová sieť. AISA Slovakia, Codea agency, DICIO, Focus Slovakia, KMG, MP-MA, MVK, ULTEX Slovensko, s.r.o. Vráble.
Salvato in:
| Autore principale: | |
|---|---|
| Natura: | Capitolo di libro |
| Lingua: | slovacco |
| Soggetti: | |
| Tags: |
Nessun Tag, puoi essere il primo ad aggiungerne!!
|
MARC
| LEADER | 00000naa a2200000 4500 | ||
|---|---|---|---|
| 001 | r022330 | ||
| 005 | 20230922093608.5 | ||
| 041 | 0 | |a slo | |
| 044 | |a SK | ||
| 245 | 1 | 0 | |a Spýtali sme sa prieskumných a poradenských agentúr |c D. Martinkovič |
| 520 | |a Reklamné a poradenské agentúry na Slovensku, ich činnosť, vznik, počet zamestnancov, obrat, medzinárodná sieť, anketová sieť. AISA Slovakia, Codea agency, DICIO, Focus Slovakia, KMG, MP-MA, MVK, ULTEX Slovensko, s.r.o. Vráble. | ||
| 610 | 2 | 0 | |a agentúry |
| 610 | 2 | 0 | |a reklama |
| 610 | 2 | 0 | |a poradenstvo |
| 610 | 2 | 0 | |a Slovensko |
| 610 | 2 | 0 | |a ASIA-Slovensko, v.o.s. Bratislava |
| 610 | 2 | 0 | |a Codea agency, s.r.o. Bratislava |
| 610 | 2 | 0 | |a DICIO, s.r.o. Bratislava |
| 610 | 2 | 0 | |a Focus, s.r.o. Bratislava |
| 610 | 2 | 0 | |a KMG, s.r.o. Bratislava |
| 610 | 2 | 0 | |a MP-MA, s.r.o. Bratislava |
| 610 | 2 | 0 | |a MVK, s.r.o. Bratislava |
| 610 | 2 | 0 | |a ULTEX Slovensko, s.r.o. Vráble |
| 100 | 1 | |a Martinkovič, D. | |